Vista normal Vista MARC

Entrada Materia (personas)

Número de registros utilizados en: 1

001 - CONTROL NUMBER

  • control field: 47444

003 - CONTROL NUMBER IDENTIFIER

  • control field: Co-BoUCM

005 - DATE AND TIME OF LATEST TRANSACTION

  • control field: 20131004154248.0

008 - FIXED-LENGTH DATA ELEMENTS

  • fixed length control field: 131004|| aca||aabn | a|a d

040 ## - CATALOGING SOURCE

  • Original cataloging agency: Co-BoUCM
  • Transcribing agency: Co-BoUCM

100 ## - HEADING--PERSONAL NAME

  • Personal name: Morales López, Valentino

670 ## - SOURCE DATA FOUND

  • Source citation: Work cat.: (Co-BoUCM)49488: Morales López, Valentino, Metodología en la bibliotecología, 2005